Les départements qui comptent plus de vaches que d'habitants - Statistiques

Statistiques générales
  • Ce quiz a été pris 173 fois
  • Le résultat moyen est 7 sur 13
Statistiques - réponses
# Département % Correct
3,45 La Creuse
80%
3,11 Le Cantal
74%
1,87 La Lozère
72%
1,08 La Corrèze
68%
1,51 L'Aveyron
57%
1,48 L'Orne
56%
1,44 L'Allier
54%
1,38 La Manche
50%
1,71 La Mayenne
47%
1,05 La Meuse
43%
1,58 La Nièvre
39%
1,08 La Haute-Marne
34%
1,04 La Saône-et-Loire
29%
Aucun quiz correspondant
Distribution des résultats
% des personnes avec chaque résultat
Percentile par nombre de réponses
Votre historique - résultats
Vous n’avez pas pris ce quiz